[Event "AUTO-OPEN-954"]
[Site "http://www.queenalice.com/game.php?id=329262"]
[Date "2008.1.1"]
[Round "1"]
[White "Harry28"]
[Black "Pena"]
[Result "1-0"]
[WhiteElo "1500"]
[BlackElo "1500"]

1. e4 e5 2. Nf3 Nc6 3. Bb5 Nb4 4. c3 Nc6 5. d4 exd4 6. cxd4 Qe7 7. Nc3 a6 8. Ba4
h6 9. O-O Nf6 10. e5 Ng4 11. h3 Nxf2 12. Rxf2 d6 13. d5 b5 14. exd6 Qxd6 15.
dxc6 Qxd1+ 16. Bxd1 Bc5 17. Nd5 Bxf2+ 18. Kxf2 Rb8 19. Nxc7+ Ke7 20. Bf4 Be6 21.
Nxe6 Rbc8 22. Nxg7 Rxc6 23. Nf5+ Kf6 24. Be5+ Kxf5 25. Bxh8 Rc4 26. Bb3 Rc7 27.
Rd1 Kg6 28. Rd6+ Kh7 29. Be5 a5 30. Rxh6+ Kxh6 31. Bxc7 1-0

[Event "AUTO-OPEN-954"]
[Site "http://www.queenalice.com/game.php?id=329263"]
[Date "2008.1.1"]
[Round "1"]
[White "Pena"]
[Black "Harry28"]
[Result "0-1"]
[WhiteElo "1300"]
[BlackElo "1700"]

1. e4 e5 2. Nf3 Nc6 3. d4 exd4 4. Nxd4 Bc5 5. Nxc6 Qf6 6. Qf3 Qxf3 7. gxf3 dxc6
8. Nc3 Be6 9. a3 Ne7 10. f4 f5 11. e5 O-O-O 12. Be3 Bxe3 13. fxe3 Nd5 14. Nxd5
cxd5 15. O-O-O h6 16. Rg1 Rdg8 17. b3 g5 18. fxg5 hxg5 19. c4 dxc4 20. bxc4 Rxh2
21. Rd2 Rxd2 22. Kxd2 g4 23. Rg3 Rd8+ 24. Kc3 Rd1 25. Bd3 Rh1 26. Rg2 Rh3 27.
Kd4 Kd7 28. e4 f4 29. Rxg4 Bxg4 30. c5 Rxd3+ 31. Kxd3 Ke6 32. Kd4 f3 33. Ke3
Kxe5 0-1

[Event "AUTO-OPEN-954"]
[Site "http://www.queenalice.com/game.php?id=329282"]
[Date "2008.1.1"]
[Round "1"]
[White "riverriver"]
[Black "Pena"]
[Result "0-1"]
[WhiteElo "1432"]
[BlackElo "1398"]

1. d4 d5 2. c4 Nf6 3. Nf3 dxc4 4. e3 e6 5. Bxc4 Nc6 6. Nc3 Bb4 7. O-O O-O 8. Qc2
g6 9. Bd2 Bxc3 10. bxc3 a6 11. Rab1 b5 12. Bd3 Bb7 13. e4 b4 14. e5 Ng4 15. h3
Nxd4 16. cxd4 Bxf3 17. hxg4 Bxg4 18. Bxb4 Re8 19. Be4 Rb8 20. f4 Qxd4+ 21. Kh1
Rxb4 22. Qc6 Rf8 23. Rbd1 Bxd1 24. Bf3 Bxf3 25. Qxf3 Qd2 26. Qh3 Rxf4 27. Rxf4
Qxf4 28. Qc3 Rb8 29. g3 Rb1+ 30. Kh2 Qf2+ 31. Kh3 Qf5+ 32. g4 Rh1+ 33. Kg2 Qf1+
0-1

[Event "AUTO-OPEN-954"]
[Site "http://www.queenalice.com/game.php?id=329283"]
[Date "2008.1.1"]
[Round "1"]
[White "Pena"]
[Black "riverriver"]
[Result "0-1"]
[WhiteElo "1404"]
[BlackElo "1407"]

1. e4 e5 2. Nf3 Nc6 3. d4 exd4 4. Ng5 h6 5. Nh3 d5 6. c3 dxe4 7. cxd4 Nxd4 8.
Be3 Bxh3 9. Bxd4 Bf5 10. Nc3 Nf6 11. Nb5 a6 12. Nc3 Bb4 13. a3 Be7 14. Bxf6 Bxf6
15. Qxd8+ Rxd8 16. g3 O-O 17. Bg2 Bxc3+ 18. bxc3 Rd3 19. O-O Rxc3 20. Rac1 Rxc1
21. Rxc1 c6 22. Rc5 g6 23. h3 Rd8 24. g4 Rd1+ 25. Kh2 Be6 26. Bxe4 Bd5 27. Bxd5
Rxd5 28. Rxd5 cxd5 29. Kg3 Kg7 30. Kf4 Kf6 31. f3 Ke6 32. h4 b5 33. Ke3 a5 34.
Kd4 b4 35. axb4 axb4 36. f4 Kd6 37. Kd3 Kc5 0-1

[Event "AUTO-OPEN-954"]
[Site "http://www.queenalice.com/game.php?id=329294"]
[Date "2008.1.1"]
[Round "1"]
[White "Pena"]
[Black "stamm"]
[Result "0-1"]
[WhiteElo "1431"]
[BlackElo "1718"]

1. e4 e5 2. Nf3 d6 3. Nc3 Nf6 4. d4 Nbd7 5. dxe5 dxe5 6. Ng5 h6 7. Nh3 Bb4 8.
Bd2 Nc5 9. Qe2 Bxc3 10. bxc3 Ncxe4 11. Rd1 Bxh3 12. gxh3 O-O 13. Bg2 Nxd2 14.
Rxd2 Qc8 15. O-O c6 16. Qxe5 Re8 17. Qd4 Rd8 18. Qxd8+ Qxd8 19. Rxd8+ Rxd8 20.
Rb1 Rb8 21. Bxc6 Rc8 22. Bxb7 Rxc3 23. Bg2 Rxc2 24. a4 g5 25. a5 Ra2 26. Rb5
Ra1+ 27. Bf1 Ne4 28. Kg2 Ra2 29. Rf5 Kg7 30. a6 Kg6 31. Rf3 Nd2 32. Rg3 Nxf1 33.
Kxf1 Rxa6 34. h4 f6 35. Kg2 Ra4 36. hxg5 fxg5 37. h3 a5 38. Re3 Ra1 39. Kg3 a4
40. Kf3 Rh1 41. Kg2 Ra1 42. Kf3 a3 43. Kg2 a2 44. Ra3 Kf5 45. Ra4 h5 46. Kg3
Rg1+ 47. Kh2 a1=Q 48. Rxa1 Rxa1 49. f3 Kf4 50. Kg2 Ra2+ 51. Kh1 Kxf3 52. Kg1 Kg3
53. Kf1 Kxh3 54. Kg1 g4 55. Kf1 g3 56. Kg1 Ra1# 0-1

[Event "AUTO-OPEN-954"]
[Site "http://www.queenalice.com/game.php?id=329295"]
[Date "2008.1.1"]
[Round "1"]
[White "stamm"]
[Black "Pena"]
[Result "1/2-1/2"]
[WhiteElo "1723"]
[BlackElo "1380"]

1. d4 d5 2. c4 dxc4 3. Qa4+ Nc6 4. e3 Qd5 5. Nc3 Qf5 6. Qxc4 e6 7. Bd3 Qg5 8. g3
Nb4 9. h4 Qf6 10. a3 Nxd3+ 11. Qxd3 Nh6 12. f3 b6 13. d5 Bc5 14. dxe6 Bxe6 15.
Qe4 O-O 16. Nd5 Bxd5 17. Qxd5 Nf5 18. Rh3 Bxe3 19. g4 Bxc1 20. gxf5 Rad8 21. Qc4
Bxb2 22. Ra2 Qc3+ 23. Qxc3 Bxc3+ 24. Kf1 Ba5 25. Ne2 Rd2 26. Rxd2 Bxd2 27. Rh2
Re8 28. a4 g6 29. Ng3 Bf4 30. Kf2 Bxg3+ 31. Kxg3 gxf5 32. f4 Re4 33. Ra2 a5 34.
Kf3 c5 35. Rb2 Rxa4 36. Rxb6 Re4 37. Rb5 c4 38. Rxf5 Re8 39. Rxa5 Rc8 40. Ra1 c3
41. Rc1 Kg7 42. Ke3 Kg6 43. Kd3 Kf5 44. Kc2 h5 45. Rd1 Kg4 46. Rd7 f5 47. Rg7+
Kxh4 48. Rg5 Rc5 49. Rg1 Kh3 50. Rg5 h4 51. Rg7 Kh2 52. Rg5 h3 53. Rg7 Kh1 54.
Rg3 h2 55. Rg5 Rc6 56. Rg7 Rc4 57. Rg5 Rxf4 58. Kxc3 Rf1 59. Kd2 f4 60. Ke2 Rg1
61. Rf5 Rg2+ 62. Kf1 Rg1+ 63. Kf2 Rg2+ 64. Kf1 Rg1+ 65. Kf2 Rg2+ 66. Kf1 1/2-1/2

[Event "Challenge"]
[Site "http://www.queenalice.com/game.php?id=331591"]
[Date "2008.1.6"]
[Round "-"]
[White "Pena"]
[Black "Ginga"]
[Result "1-0"]
[WhiteElo "1300"]
[BlackElo "1212"]

1. e4 Nc6 2. Bc4 d6 3. Qf3 Nd4 4. Qxf7+ Kd7 5. Bd3 Nh6 6. Qh5 Ng8 7. Qa5 Nh6 8.
Qa4+ Ke6 9. Qxd4 b5 10. Bxb5 Kf7 11. Nf3 Kg8 12. Qd5+ e6 13. Qxa8 Ng4 14. Ba6
Qf6 15. Qxc8 Qf4 16. Qxe6+ Qf7 17. Bc4 d5 18. Bxd5 g6 19. Qxf7# 1-0

[Event "Challenge"]
[Site "http://www.queenalice.com/game.php?id=333555"]
[Date "2008.1.9"]
[Round "-"]
[White "Pena"]
[Black "AdrianB"]
[Result "1-0"]
[WhiteElo "1404"]
[BlackElo "1812"]

1. e4 e5 2. Bc4 Nf6 3. d3 Bc5 4. Bg5 h6 5. Bh4 Nc6 6. Nc3 d6 7. Nd5 g5 8. Bg3
Nxd5 9. Bxd5 Nd4 10. c3 Ne6 11. Qf3 Nf4 12. Bxf4 exf4 13. g3 Qf6 14. gxf4 Qxf4
15. Qxf4 gxf4 16. f3 c6 17. d4 cxd5 18. dxc5 dxe4 19. cxd6 exf3 20. Nxf3 Bd7 21.
O-O-O Rg8 22. Rhe1+ Kd8 23. Ne5 Rg7 24. Nxd7 Kxd7 25. Re7+ Kc6 26. Rc7+ Kb6 27.
c4 Rd8 28. c5+ Kb5 29. a4+ Kb4 30. Rd4+ Ka5 31. Rxf4 Rg2 32. Rcxf7 Re8 33. Re7
Rxe7 34. dxe7 Re2 35. Rf7 Kxa4 36. e8=Q+ Rxe8 37. Rxb7 Rc8 38. Rxa7+ Kb5 39. Ra3
Rxc5+ 40. Kb1 Rh5 41. Rb3+ Kc4 42. Rc3+ Kb4 43. h3 Rf5 44. Rc1 Rf3 45. Rh1 Kb3
46. h4 Rf2 47. Ka1 Rxb2 48. Rh3+ Kc2 49. Rh2+ 1-0

[Event "Challenge"]
[Site "http://www.queenalice.com/game.php?id=334998"]
[Date "2008.1.11"]
[Round "-"]
[White "Pena"]
[Black "kinder"]
[Result "1-0"]
[WhiteElo "1378"]
[BlackElo "1243"]

1. e4 Nf6 2. e5 Ne4 3. Bc4 d5 4. Bb3 c6 5. Nc3 Nxc3 6. dxc3 g6 7. Qf3 e6 8. Nh3
Rg8 9. Ng5 Rg7 10. Be3 b6 11. O-O Ba6 12. Rfd1 Nd7 13. Qf4 f6 14. exf6 Nxf6 15.
Nxe6 Qe7 16. Nxg7+ Bxg7 17. Re1 Ne4 18. c4 Bh6 19. Qxh6 dxc4 20. Bxc4 Kd7 21.
Rad1+ Kc7 22. Bxa6 Rf8 23. f3 Nc5 24. Bf4+ Rxf4 25. Rxe7+ Kb8 26. Rd8# 1-0

[Event "Challenge"]
[Site "http://www.queenalice.com/game.php?id=347043"]
[Date "2008.2.2"]
[Round "-"]
[White "kinder"]
[Black "Pena"]
[Result "0-1"]
[WhiteElo "1192"]
[BlackElo "1427"]

1. Nf3 g6 2. d4 Bg7 3. e3 Nf6 4. Ne5 O-O 5. b4 d6 6. Nc4 Nc6 7. Ba3 d5 8. Ne5
Ne4 9. Nd2 Nxe5 10. dxe5 Bxe5 11. Rb1 Bc3 12. f3 Nxd2 13. Ke2 Nxb1 14. Qxb1 d4
15. Kf2 dxe3+ 16. Ke2 Qd2# 0-1

[Event "Challenge"]
[Site "http://www.queenalice.com/game.php?id=347044"]
[Date "2008.2.2"]
[Round "-"]
[White "Pena"]
[Black "Ginga"]
[Result "1-0"]
[WhiteElo "1418"]
[BlackElo "1108"]

1. g3 Nf6 2. Bg2 Nh5 3. Nf3 b5 4. O-O d5 5. d4 h6 6. Nc3 Ba6 7. b4 e6 8. e4 Nd7
9. Ne5 f6 10. Qxh5+ Ke7 11. Ng6+ Kd6 12. Nxh8 e5 13. exd5 exd4 14. Nf7+ Ke7 15.
Nxd8 Rxd8 16. d6+ cxd6 17. Nd5+ Ke6 18. Bh3+ f5 19. Qxf5# 1-0

[Event "Challenge"]
[Site "http://www.queenalice.com/game.php?id=347045"]
[Date "2008.2.2"]
[Round "-"]
[White "Ginga"]
[Black "Pena"]
[Result "0-1"]
[WhiteElo "1160"]
[BlackElo "1389"]

1. Nc3 d5 2. Nf3 d4 3. Ne4 Nf6 4. d3 Nxe4 5. dxe4 c5 6. b3 Bg4 7. Ng5 h6 8. Nf3
Nc6 9. Ba3 e6 10. Bb2 Nb4 11. Qd2 Bxf3 12. gxf3 e5 13. O-O-O Nxa2+ 14. Kb1 Nc3+
15. Bxc3 dxc3 16. Qxd8+ Rxd8 17. Rd3 Rxd3 18. exd3 Bd6 19. Rg1 O-O 20. Bh3 a5
21. Kc1 a4 22. bxa4 Ra8 23. Kd1 Rxa4 24. Ke1 Ra1+ 25. Ke2 Rxg1 26. d4 exd4 27.
Kd3 Bxh2 28. Bc8 b5 29. Bf5 Rd1+ 30. Ke2 Rd2+ 31. Ke1 Rxc2 32. e5 Ra2 33. e6
Ra1+ 34. Ke2 fxe6 35. Bxe6+ Kf8 36. f4 c4 37. Bd7 d3+ 38. Ke3 d2 39. Ke4 d1=Q
40. Ke5 Qxd7 41. Ke4 Qd3+ 42. Ke5 Re1# 0-1

[Event "Challenge"]
[Site "http://www.queenalice.com/game.php?id=347272"]
[Date "2008.2.2"]
[Round "-"]
[White "JhonDie"]
[Black "Pena"]
[Result "0-1"]
[WhiteElo "1373"]
[BlackElo "1429"]

1. Nf3 b6 2. e4 Bb7 3. Nc3 d5 4. Bb5+ c6 5. Be2 Nf6 6. d4 dxe4 7. Ne5 e6 8. Bg5
Bb4 9. Qd2 c5 10. Bb5+ Nc6 11. Nxc6 Bxc6 12. Bxc6+ Ke7 13. Bxa8 Qxa8 14. a3 Bxc3
15. Qxc3 Qd5 16. O-O-O Qxg5+ 17. Kb1 Rd8 18. g3 Nd5 19. Qc4 e3 20. f4 Qg4 21.
dxc5 Nc3+ 22. Qxc3 Rxd1+ 23. Rxd1 Qxd1+ 24. Ka2 Qd5+ 25. b3 Qxc5 26. Qd3 Qf5 27.
Qxe3 Qxc2+ 28. Ka1 Qxh2 29. f5 Qh6 30. Qe4 Qf6+ 31. Kb1 Qxf5 32. Qxf5 exf5 33.
Kc2 Ke6 34. Kd3 Ke5 35. Ke3 h5 36. a4 a5 37. Kf3 g5 38. Ke3 f6 39. Kd3 h4 40.
gxh4 gxh4 41. Ke3 f4+ 42. Kf3 f5 43. Kg2 Ke4 44. Kh2 f3 0-1

[Event "Challenge"]
[Site "http://www.queenalice.com/game.php?id=347287"]
[Date "2008.2.2"]
[Round "-"]
[White "Pena"]
[Black "holandes"]
[Result "1/2-1/2"]
[WhiteElo "1412"]
[BlackElo "1621"]

1. e4 Nc6 2. Bc4 Nf6 3. d3 d5 4. Bxd5 Nxd5 5. exd5 Qxd5 6. Qf3 Qe5+ 7. Ne2 Bf5
8. c3 O-O-O 9. d4 Qe6 10. O-O Bg4 11. Qg3 Qxe2 12. b4 e5 13. f3 Be6 14. Na3 exd4
15. cxd4 Nxd4 16. Bg5 Bxb4 17. Rac1 Qxf1+ 18. Kxf1 Bd6 19. Qf2 Bxa3 20. Bxd8
Bxc1 21. Qxd4 Rxd8 22. Qxg7 Bc4+ 23. Kf2 Rd2+ 24. Kg3 Be6 25. Qxh7 Ba3 26. Qe4
Bd6+ 27. f4 Rxa2 28. Qd4 a5 29. h3 a4 30. Qa7 Ra3+ 31. Kf2 c5 32. Qa8+ Kc7 33.
Qa5+ b6 34. Qa7+ Kc6 35. Qa8+ Kc7 36. Qa7+ Kc6 37. Qa8+ Kd7 38. Qa7+ Kc6 39.
Qa8+ Kc7 40. Qa7+ Kc6 41. Qa8+ 1/2-1/2

[Event "Challenge"]
[Site "http://www.queenalice.com/game.php?id=347295"]
[Date "2008.2.2"]
[Round "-"]
[White "Groomi"]
[Black "Pena"]
[Result "1-0"]
[WhiteElo "1348"]
[BlackElo "1442"]

1. d4 d5 2. Nc3 Nf6 3. Bf4 g6 4. Nb5 Na6 5. e3 c6 6. Nc3 Bf5 7. Nf3 Ne4 8. Na4
Qa5+ 9. c3 b5 10. b4 Qxa4 11. Qxa4 bxa4 12. Bxa6 Nxc3 13. Bb7 Rd8 14. Ne5 e6 15.
Bxc6+ Ke7 16. Bg5+ Kd6 17. Bxd8 Be7 18. b5 Rf8 19. Ba5 f6 20. Nd7 Rc8 21. Bxc3
Rxc6 22. bxc6 Kxc6 23. Nb8+ Kb7 24. Nd7 Kc8 25. Nc5 Bxc5 26. dxc5 e5 27. Rd1 Be4
28. O-O Kc7 29. Ba5+ Kc6 30. Rc1 d4 31. exd4 exd4 32. Rfe1 f5 33. f3 Bd5 34. a3
d3 35. Re8 d2 36. Bxd2 1-0

[Event "Challenge"]
[Site "http://www.queenalice.com/game.php?id=347307"]
[Date "2008.2.2"]
[Round "-"]
[White "Pena"]
[Black "Aul"]
[Result "0-1"]
[WhiteElo "1442"]
[BlackElo "1684"]

1. e4 c5 2. d4 cxd4 3. Qxd4 Nc6 4. Qd1 Nf6 5. Nc3 e6 6. Bg5 Be7 7. Nf3 O-O 8.
Bb5 d6 9. O-O Nd7 10. Bxe7 Qxe7 11. Bxc6 bxc6 12. Qd3 a5 13. h4 Ba6 14. Qd4 Bxf1
15. Rxf1 Nc5 16. e5 d5 17. a3 f5 18. h5 Nd7 19. Qh4 Qxh4 20. Nxh4 Nxe5 21. Re1
Nc4 22. Rxe6 Nxb2 23. Rxc6 Rac8 24. Rxc8 Rxc8 25. Nxd5 Rxc2 26. Nxf5 Rc1+ 27.
Kh2 Ra1 28. h6 gxh6 29. Nxh6+ Kg7 30. Nf5+ Kf7 31. Nb6 Rxa3 32. Ne3 Ke6 33. Nec4
Nxc4 34. Nxc4 Ra1 35. Nxa5 Rxa5 36. g4 Kf6 37. f4 Ra3 38. Kg2 Kg6 39. Kf2 h5 40.
gxh5+ Kxh5 41. f5 Kg5 42. f6 Kxf6 43. Ke2 Ke5 44. Kf2 Kf4 45. Ke2 Rh3 46. Kd2
Ke4 47. Ke2 Rh2+ 48. Kf1 Kf3 49. Ke1 Ke3 50. Kf1 Ra2 51. Kg1 Kf3 0-1

[Event "Challenge"]
[Site "http://www.queenalice.com/game.php?id=347323"]
[Date "2008.2.2"]
[Round "-"]
[White "Pena"]
[Black "Rutty"]
[Result "0-1"]
[WhiteElo "1424"]
[BlackElo "1896"]

1. e4 c5 2. Nf3 Nc6 3. g3 g6 4. Bg2 Bg7 5. O-O d6 6. d3 Nf6 7. Bg5 O-O 8. Nc3 e6
9. d4 cxd4 10. Nxd4 a6 11. Nxc6 bxc6 12. e5 dxe5 13. Qxd8 Rxd8 14. Bxc6 Rb8 15.
b3 Bb7 16. Bxb7 Rxb7 17. Rad1 Rbd7 18. Rxd7 Rxd7 19. Rd1 Rxd1+ 20. Nxd1 Ne4 21.
Ne3 Nxg5 22. Kg2 Ne4 23. Nc4 Nc3 24. a4 Kf8 25. Nb6 e4 26. Nc4 Ke7 27. Nd2 f5
28. g4 Kf6 29. gxf5 exf5 30. Nc4 Ke6 0-1

[Event "Challenge"]
[Site "http://www.queenalice.com/game.php?id=347347"]
[Date "2008.2.2"]
[Round "-"]
[White "Pena"]
[Black "shogun"]
[Result "0-1"]
[WhiteElo "1456"]
[BlackElo "2501"]

1. e4 Nc6 2. Bc4 e6 3. d3 d5 4. exd5 exd5 5. Bb3 Nf6 6. Nc3 Bb4 7. Bd2 O-O 8.
Nf3 Re8+ 9. Kf1 Bg4 10. Bg5 Nd4 11. h3 Bxf3 12. gxf3 c6 13. a3 Bd6 14. h4 Qd7
15. Bxf6 gxf6 16. f4 Kh8 17. Qd2 Qg4 18. Re1 Rg8 19. Re3 Qg2+ 20. Ke1 Qxh1# 0-1

[Event "Challenge"]
[Site "http://www.queenalice.com/game.php?id=347373"]
[Date "2008.2.2"]
[Round "-"]
[White "Tanatos"]
[Black "Pena"]
[Result "1-0"]
[WhiteElo "1223"]
[BlackElo "1424"]

1. e4 e5 2. Nf3 Nf6 3. Nxe5 Nxe4 4. Qf3 Qf6 5. Qxe4 Qe6 6. Bc4 d5 7. Bxd5 Qf5 8.
d3 c6 9. Nxf7+ Qxe4+ 10. dxe4 cxd5 11. Nxh8 dxe4 12. O-O Bf5 13. f3 Nc6 14. fxe4
Bd7 15. Bg5 Be7 16. Nf7 Bxg5 17. Nxg5 Nb4 18. Na3 h6 19. Nh7 Ke7 20. Nb5 Bxb5
21. Rf5 Bc6 22. Raf1 Ke6 23. c3 Bxe4 24. R5f4 Ke5 25. g3 Nxa2 26. Re1 1-0

[Event "Challenge"]
[Site "http://www.queenalice.com/game.php?id=352355"]
[Date "2008.2.11"]
[Round "-"]
[White "kinder"]
[Black "Pena"]
[Result "0-1"]
[WhiteElo "1218"]
[BlackElo "1386"]

1. Nf3 Nc6 2. e4 d5 3. exd5 Qxd5 4. Nc3 Qd8 5. Ne4 e6 6. b3 Nf6 7. Neg5 Bb4 8.
c3 Ba5 9. b4 Bb6 10. Qa4 Bd7 11. d3 Nd4 12. Nxd4 Bxa4 13. Bf4 Nd5 14. Be5 f6 15.
Ngxe6 Qe7 16. Nb5 Qxe6 17. f4 Bxb5 18. Rc1 Nxf4 19. c4 Qxe5+ 20. Kd2 Be3+ 21.
Kc2 Ba4+ 22. Kb1 Bxc1 23. Kxc1 Qc3+ 24. Kb1 Qc2+ 25. Ka1 Qc1# 0-1

[Event "Challenge"]
[Site "http://www.queenalice.com/game.php?id=352357"]
[Date "2008.2.11"]
[Round "-"]
[White "DJLeon"]
[Black "Pena"]
[Result "1-0"]
[WhiteElo "1384"]
[BlackElo "1456"]

1. d4 d5 2. Nf3 e6 3. g3 Nc6 4. Bg2 Nf6 5. O-O Nb4 6. c3 Nc6 7. b3 b5 8. Na3 Ne4
9. Nxb5 Rb8 10. c4 dxc4 11. bxc4 a6 12. Ne5 Nxe5 13. dxe5 Qxd1 14. Rxd1 axb5 15.
Bxe4 bxc4 16. Bc6+ Bd7 17. Bxd7+ Kd8 18. Bxe6+ Bd6 19. Bxc4 Kd7 20. exd6 cxd6
21. Ba3 Rb6 22. Bxf7 Ra8 23. Rab1 Rxb1 24. Rxb1 Rxa3 25. Rb7+ Kc6 26. Rb2 Kc5
27. h4 Kd4 28. Bg8 Kc3 29. Rb3+ Rxb3 30. axb3 Kb4 31. f4 Kc3 32. Bxh7 Kxb3 33.
e4 1-0

[Event "Challenge"]
[Site "http://www.queenalice.com/game.php?id=352579"]
[Date "2008.2.11"]
[Round "-"]
[White "Pena"]
[Black "kelton"]
[Result "0-1"]
[WhiteElo "1421"]
[BlackElo "1470"]

1. e4 d6 2. Qf3 e5 3. Bc4 Nf6 4. d3 Bg4 5. Qg3 Nbd7 6. Nc3 c6 7. Bg5 b5 8. Bxf6
Nxf6 9. Nf3 bxc4 10. dxc4 Qb6 11. O-O-O Rb8 12. b3 Qa5 13. Kb2 Be7 14. h3 Bxf3
15. Qxf3 O-O 16. g4 g6 17. h4 c5 18. g5 Nh5 19. Nd5 Rbe8 20. Nxe7+ Rxe7 21. Rxd6
Qc7 22. Rhd1 Ng7 23. Qd3 Ree8 24. Rd5 Ne6 25. Qg3 Nd4 26. Qd3 a5 27. c3 Ne6 28.
Qg3 Nf4 29. Rd7 Qc8 30. R7d6 Qa8 31. Rf6 Qxe4 0-1